000 00510nam a2200181Ia 4500
008 090124s9999 xx 000 0 und d
082 _b16314
100 _aकिणीकर रॉय
245 _a त्रिताल
250 _a1
260 _bश्री शब्द प्रकाशन
_c1982
300 _a80
600 _aकिणीकर रॉय
630 _a त्रिताल
700 _aकिणीकर रॉय
730 _a त्रिताल
942 _cBOOK
999 _c88688
_d88688